Cities by Former Names - Statistics

General Stats
  • This quiz has been taken 383 times
    338 since last reset
  • The average score is 10 of 15
Answer Stats
Modern Name Former Name % Correct
Istanbul Constantinople/Byzantium
97%
Saint Petersburg Petrograd/Leningrad
96%
New York Nieuw Amsterdam
92%
Mumbai Bombay
91%
Ho Chi Minh City Saigon
91%
Kolkata Calcutta
88%
Volgograd Stalingrad/Tsaritsyn
87%
Tokyo Edo
85%
Yangon Rangoon
67%
Mexico City Tenochtitlan
59%
Guangzhou Canton
55%
Kaliningrad Königsberg
55%
Paris Lutetia
33%
Chemnitz Karl-Marx-Stadt
21%
Tbilisi Tiflis
21%
No matching quizzes found
Score Distribution
Percent of People with Each Score
Percentile by Number Answered
Your Score History
You have not taken this quiz since the last reset